Pays traversés par l'équateur en mort subite - Statistiques

Statistiques générales
  • Ce quiz a été pris 33 fois
  • Le résultat moyen est 3 sur 11
Answers on the Grid
Answers color-coded by a green-red scale on the quiz's grid according to % correct below.
Bolivie
Brésil
Colombie
Équateur
Etats-Unis (Porto Rico)
France (Guyane)
Gabon
Guinée
Guinée Equatoriale
Inde
Indonésie
Kenya
Ouganda
Papouasie-Nouvelle-Guinée
Pérou
République démocratique du Congo
République du Congo
Sao Tomé-et-Principe
Somalie
Soudan du Sud
Sri Lanka
Suriname
Tanzanie
Venezuela
 
Statistiques - réponses
Réponse % Correct
Équateur
79%
Brésil
71%
Colombie
36%
Indonésie
29%
Kenya
21%
Gabon
18%
République démocratique du Congo
18%
Ouganda
14%
République du Congo
14%
Sao Tomé-et-Principe
11%
Somalie
11%
Aucun quiz correspondant
Distribution des résultats
% des personnes avec chaque résultat
Percentile par nombre de réponses
Votre historique - résultats
Vous n’avez pas pris ce quiz